00301 a2200109 4500001000900000005001700009008004100026245004400067100002100111773004200132999001700174ART_744920260410161624.0260409a 10aLa transferencia del control accionario1 aPapa, Rodolfo G.0 tEnfoquesg- NÂș 7 (jul. 2012)wREV416 c11813d11813